|
|
|
|
| LEADER |
00836nab a2200229 i 4500 |
| 001 |
misc64037 |
| 005 |
20230426094731.0 |
| 008 |
230112s1931 hu o 0|| hun d |
| 040 |
|
|
|a SZTE Miscellanea Repozitórium
|b hun
|
| 041 |
|
|
|a hun
|
| 100 |
1 |
|
|a Németh Gyula
|
| 245 |
1 |
3 |
|a Az új török írás
|h [elektronikus dokumentum] /
|c Németh Gyula
|
| 260 |
|
|
|a Magyar Tudományos Akadémia
|b Budapest
|c 1931
|
| 300 |
|
|
|a 160-161
|c 30 cm
|
| 300 |
|
|
|a [2] p.
|c 30 cm
|
| 490 |
0 |
|
|a Nyelvtudományi közlemények : a Magyar Tudományos Akadémia Nyelvtudományi Intézetének folyóirata
|
| 561 |
|
|
|a Németh Gyula hagyaték
|
| 591 |
|
|
|a NOA 4204
|
| 650 |
|
4 |
|a Bölcsészettudományok
|
| 650 |
|
4 |
|a Nyelvek és irodalom
|
| 695 |
|
|
|a Török nyelv
|
| 856 |
4 |
0 |
|u http://misc.bibl.u-szeged.hu/64037/1/4204_noa.pdf
|z Dokumentum-elérés
|